000 00679nam a2200241Ia 4500
003 OSt
005 20260305142555.0
008 210716s2012 xx 000 0 und d
020 _a9789382332060
040 _cAIMIT LIBRARY
041 _aeng
082 _a425
_21
_bGIRA
100 _aGirdhar, A P.
_9257824
245 _aCommunicative english I /
_cBy A P Girdhar.
250 _a1st ed.
260 _aNew Delhi :
_bI K International Publishing House Pvt Ltd ,
_c2012.
300 _a198p. ;
_bPB
_c21.9 cm
650 _aGrammar
_9257825
650 _aComposition
_9257826
650 _aShort stories
_9257827
650 _aPoems
_9257828
942 _2ddc
_cBK
_e1st
_k425 GIRA
999 _c194129
_d194129